A nemzet - antropológiai vetületben. Légy svéd
Elmentve itt :
| Szerző: | |
|---|---|
| Adatforrás: | Meister |
| Forrásdokumentuma: | A Hét. - 34 sz., 1991, 3 p. |
| Nyelv: | magyar |
| Kulcsszavak: | antropológia nemzet nacionalizmus svédek |
| LEADER | 00413nab a2200157 i 4500 | ||
|---|---|---|---|
| 001 | bibPRO00005098 | ||
| 008 | 060524s1991 xx hun | ||
| 040 | |a Sz1 | ||
| 041 | |a hun | ||
| 100 | 1 | |a LÖFGREN Orvar | |
| 245 | 1 | 2 | |a A nemzet - antropológiai vetületben. Légy svéd |c LÖFGREN Orvar |
| 695 | |a antropológia | ||
| 695 | |a nemzet | ||
| 695 | |a nacionalizmus | ||
| 695 | |a svédek | ||
| 773 | 0 | |t A Hét. - |g 34 sz., 1991, 3 p. | |